| 000 | 01210cam a22003734a 4500 | ||
|---|---|---|---|
| 999 |
_c5975 _d5975 |
||
| 001 | 16074759 | ||
| 003 | OSt | ||
| 005 | 20210412141400.0 | ||
| 008 | 100129s2009 enka b 001 0 eng c | ||
| 010 | _a 2010286051 | ||
| 015 |
_aGBA938907 _2bnb |
||
| 016 | 7 |
_a101516464 _2DNLM |
|
| 016 | 7 |
_a015116410 _2Uk |
|
| 020 | _a9780199567966 (alk. paper) | ||
| 020 | _a0199567964 (alk. paper) | ||
| 035 | _a(OCoLC)ocn317473190 | ||
| 040 |
_aNLM _cNLM _dBTCTA _dUKM _dYDXCP _dNOH _dCDX _dDLC |
||
| 042 | _apcc | ||
| 043 | _af------ | ||
| 050 | 0 | 0 |
_aRJ249 _b.C488 2009 |
| 060 | 0 | 0 | _a2009 J-939 |
| 060 | 1 | 0 |
_aWB 310 _bC536 2009 |
| 082 | _aWB310 C434j 2009 | ||
| 100 |
_aEdited by Amery, Justin. _914082 |
||
| 245 | 0 | 0 | _aChildren's Palliative Care in Africa |
| 260 |
_bOxford University Press, _c2009. |
||
| 300 |
_axxii, 424 p. : _bill. ; _c25 cm. |
||
| 504 | _aIncludes bibliographical references and index. | ||
| 650 | 0 |
_aTerminally ill patients _912384 |
|
| 650 | 1 | 2 |
_aPalliative Care _912386 |
| 906 |
_a7 _bcbc _cpccadap _d2 _encip _f20 _gy-gencatlg |
||
| 942 |
_cO_SHELF _2z |
||